|
|
|
|
| LEADER |
00000cam a2200000 a 4500 |
| 001 |
vtls001082702 |
| 003 |
SK-MaSNL |
| 005 |
20260301062311.0 |
| 008 |
240226s1989 xo l frnp 000 0 slo |
| 015 |
|
|
|a SNBA1989/11
|
| 020 |
|
|
|a 8008002859
|q (viazané)
|
| 035 |
|
|
|a SNK000025540
|
| 040 |
|
|
|a SNK
|b slo
|c SNK
|e AACR2
|
| 041 |
0 |
|
|a slo
|
| 044 |
|
|
|a xo
|c SK
|
| 072 |
|
7 |
|a 51
|x Matematika
|2 konspekt
|
| 072 |
|
7 |
|a 37.016
|x Učebné osnovy. Vyučovacie predmety. Učebnice
|2 konspekt
|
| 080 |
|
|
|a 371.3:372.851(075.8)
|2 1997
|
| 080 |
|
|
|a 372.851(075.8)
|2 1997
|
| 080 |
|
|
|a 51
|2 2011
|
| 080 |
|
|
|a 37.016.026
|2 2011
|
| 080 |
|
|
|a (075.8)
|2 2011
|
| 100 |
1 |
|
|a Gábor, Ondrej,
|d 1922-1998
|4 aut
|9 38498
|
| 245 |
1 |
0 |
|a Teória vyučovania matematiky pre študentov matematiky učiteľského štúdia na univerzitách a pedagogických fakultách
|n 1
|c Ondrej Gábor, Oleg Kopanev, Karol Križalkovič
|
| 250 |
|
|
|a 1. vydanie
|
| 260 |
|
|
|a Bratislava
|b Slovenské pedagogické nakladateľstvo
|c 1989
|e Bratislava
|f Svornosť
|
| 300 |
|
|
|a 321 strán
|b schémy, tabuľky
|c 25 cm
|
| 366 |
|
|
|e 1000 výtl.
|
| 500 |
|
|
|a Rozložená titulná strana
|
| 504 |
|
|
|a Bibliografia na strane 282-286
|
| 650 |
0 |
7 |
|a matematika
|2 SNKPH
|9 70174
|
| 650 |
0 |
7 |
|a didaktika vyučovacích predmetov
|2 SNKPH
|9 4030
|
| 655 |
|
7 |
|a učebnice vysokých škôl
|2 SNKPH
|9 70191
|
| 700 |
1 |
|
|a Kopanev, Oleg
|4 aut
|9 343715
|
| 700 |
1 |
|
|a Križalkovič, Karol
|4 aut
|9 228293
|
| 919 |
|
|
|a 80-08-00285-9
|
| 954 |
|
|
|a odborná, vedecká literatúra pôvodná (slovenská)
|2 lita
|
| 958 |
|
|
|a OND
|
| 958 |
|
|
|a NB
|
| 958 |
|
|
|a RM
|
| 958 |
|
|
|a UV
|
| 999 |
|
|
|c 620149
|d 622079
|
| 952 |
|
|
|a SNK
|b SNK
|y VYP
|7 0
|p 17A0030335
|o snkSC 75551/1 D1
|i snkKSP 8931/89
|0 0
|1 0
|4 0
|d 1997-01-07
|l 0
|r 2004-12-31 00:00:00
|w 2026-02-23
|
| 952 |
|
|
|a SNK
|b SNK
|y VYP
|7 0
|p 17A0343485
|o snkSC 75551/1 D2
|i snkKSP 5583/2002
|0 0
|1 0
|4 0
|d 2002-05-15
|l 0
|r 2004-12-31 00:00:00
|w 2026-02-23
|
| 952 |
|
|
|a SNK
|b SNK
|y PREZ
|7 0
|p 17A0965269
|o snkSC 75551/1
|i snkKSP 8930/89
|0 0
|1 0
|4 0
|d 2012-10-07
|f 1
|l 0
|r 2025-08-01 00:00:00
|w 2026-02-23
|